Price research in the steel and petroleum industries /

Bibliographic Details
Corporate Author: Conference on Price Research
Format: Book
Language:English
Published: New York : National Bureau of Economic Research, 1939.
Series:Conference on Price Research. Price studies ; no. 3
Subjects:

MARC

Tag First Indicator Second Indicator Subfields
LEADER 00000cam a2200000 i 4500
001 in00000069053
005 20151008051356.0
008 791129s1939 nyu 00000 eng d
010 |a  40005614  
035 |a (OCoLC)05739537 
035 |a AAG7480AM 
040 |a KSU  |c KSU  |d TXA  |d UtOrBLW 
049 |a TXAM  |c [185255] 
050 0 |a HD9514  |b .C6 
092 |a 338.5  |b C748p 
110 2 |a Conference on Price Research. 
245 1 0 |a Price research in the steel and petroleum industries /  |c prepared for the Conference on Price Research. 
264 1 |a New York :  |b National Bureau of Economic Research,  |c 1939. 
300 |a xiii, 170 pages ;  |c 24 cm. 
336 |a text  |b txt  |2 rdacontent 
337 |a unmediated  |b n  |2 rdamedia 
338 |a volume  |b nc  |2 rdacarrier 
490 1 |a Conference on Price Research. Price studies ;  |v no. 3 
650 0 |a Steel industry and trade  |z United States. 
650 0 |a Iron industry and trade  |z United States. 
650 0 |a Petroleum industry and trade  |z United States. 
650 0 |a Prices  |z United States. 
810 2 |a Conference on Price Research.  |t Price studies ;  |v no. 3. 
999 |a MARS 
999 f f |s 70aef5ec-1424-316f-aeb5-78b5e329e78e  |i 6f95ec2a-b3fe-3c3f-baff-1d882e940465  |t 0 
952 f f |p ric  |a Texas A&M University  |b Rellis Campus  |c Joint Library Facility  |d Remote Storage  |t 0  |e HD9514 .C6  |h Library of Congress classification  |i unmediated -- volume  |m A14830295315 
998 f f |a HD9514 .C6  |t 0  |l Remote Storage